| 000 | 00761cam a2200229 a 4500 | ||
|---|---|---|---|
| 001 | 4889287 | ||
| 005 | 20180213081920.0 | ||
| 008 | 930910s1994 nyua d 000 0 eng | ||
| 010 | _a 93034772 | ||
| 020 |
_a0070423334 : _c$110.50 |
||
| 040 |
_aDLC _cDLC _dDLC |
||
| 041 | _aeng | ||
| 080 | _a503 SYB | ||
| 082 | 0 | 0 |
_a503 SYB _220 |
| 100 | _a24 | ||
| 101 | _aGHU | ||
| 245 | 0 | 0 |
_aMcGraw-Hill dictionary of scientific and technical terms / _cSybil P. Parker, editor in chief.. |
| 504 | _aIncludes bibliographical references (p. 29-48 (second group)). | ||
| 906 |
_a7 _bcbc _corignew _d1 _eocip _f19 _gy-gencatlg |
||
| 942 |
_2ddc _cBK |
||
| 999 |
_c42407 _d42407 |
||